Orientación vocaciónal.(folleto) /

Guardado en:
Formato: Libro
Publicado: : , 0
Materias:
Fc
Etiquetas: Agregar Etiqueta
Sin Etiquetas, Sea el primero en etiquetar este registro!
LEADER 00591nam a22001935a 4500
001 CEM.cems007860
005 20060214000000.0
008 130507b######################000#0#####d
003 CEMS
082 0 4 |a F370 
245 0 0 |a Orientación vocaciónal.(folleto) / 
260 |a  :  |b , 0 
653 |a Bahia blanca-carreras terciari 
653 |a Carreras terciarias 
653 |a Educacion 
653 |a Fc 
859 |a CEMS  |b BIB. CEMS - 11 de abril  |h F370  |i 19  |p 327.44  |t Ej.1 
859 |a CEMS  |b BIB. CEMS - 11 de abril  |h F370  |i 19  |p 328.44  |t Ej.2 
859 |a CEMS  |b BIB. CEMS - 11 de abril  |h F370  |i 19  |p 329.44  |t Ej.3